Visualizzazione normale
Vista MARC
- Guiral-Hadziiossif, Jacqueline
di Personal Name
Records bibliografici associati: 1
001 - CONTROL NUMBER
- control field: 28379
003 - CONTROL NUMBER IDENTIFIER
- control field: IT-RoINE
005 - DATE AND TIME OF LATEST TRANSACTION
- control field: 20161202084155.0
008 - FIXED-LENGTH DATA ELEMENTS
- fixed length control field: 161202|| aca||aabn | a|a d
040 ## - CATALOGING SOURCE
- Original cataloging agency: IT-RoINE
- Transcribing agency: IT-RoINE
100 ## - HEADING--PERSONAL NAME
- Personal name: Guiral-Hadziiossif, Jacqueline
670 ## - SOURCE DATA FOUND
- Source citation: Work cat.: (IT-RoINE)0: Guiral-Hadziiossif, Jacqueline, Meurtre dans la cathédrale :, DL 2012.